Bilder imd zeugnisse der deutschen geschichte 1 (Record no. 11050)
[ view plain ]
| 000 -CABECERA | |
|---|---|
| campo de control de longitud fija | 01125nam a22002657a 4500 |
| 001 - NÚMERO DE CONTROL | |
| campo de control | BRCA_9428 |
| 003 - IDENTIFICADOR DEL NÚMERO DE CONTROL | |
| campo de control | FranzMayer |
| 005 - FECHA Y HORA DE LA ÚLTIMA TRANSACCIÓN | |
| campo de control | 20230918130613.0 |
| 008 - DATOS DE LONGITUD FIJA--INFORMACIÓN GENERAL | |
| campo de control de longitud fija | 230906b |||||||| |||| 00| 0 eng d |
| 020 ## - NÚMERO INTERNACIONAL ESTÁNDAR DEL LIBRO | |
| Número Internacional Estándar del Libro | 3861020939 |
| 040 ## - FUENTE DE LA CATALOGACIÓN | |
| Centro catalogador/agencia de origen | MFM |
| Lengua de catalogación | ESPAÑOL |
| Centro/agencia transcriptor | MFM |
| 050 #0 - SIGNATURA TOPOGRÁFICA DE LA BIBLIOTECA DEL CONGRESO | |
| Número de clasificación | CB29 |
| Número de documento/Ítem | D46 1997 |
| 110 1# - ENTRADA PRINCIPAL--NOMBRE DE ENTIDAD CORPORATIVA | |
| Código de función/relación | Responsable |
| Nombre de entidad corporativa o nombre de jurisdicción como elemento de entrada | DHM |
| 9 (RLIN) | 29687 |
| 240 ## - TÍTULO UNIFORME | |
| Título uniforme | Bilder imd zeugnisse der deutschen geschichte 1 |
| Medio | Aus den Sammlungen des Deutschen Historischen Museums |
| Lenguaje de la obra | Alemán |
| 245 0# - MENCIÓN DE TÍTULO | |
| Título | Bilder imd zeugnisse der deutschen geschichte 1 |
| Resto del título | Aus den Sammlungen des Deutschen Historischen Museums |
| 260 ## - PUBLICACIÓN, DISTRIBUCIÓN, ETC. | |
| Lugar de publicación, distribución, etc. | Berlín, Alemania |
| Nombre del editor, distribuidor, etc. | DHM |
| Fecha de publicación, distribución, etc. | 1997 |
| 300 ## - DESCRIPCIÓN FÍSICA | |
| Extensión | 428 p |
| Otras características físicas | Ilustraciones a color |
| Dimensiones | 30 cm |
| 440 ## - MENCIÓN DE SERIE/PUNTO DE ACCESO ADICIONAL--TÍTULO | |
| Título | Bilder imd zeugnisse der deutschen geschichte 1 |
| Número de parte o sección de la obra | Tomo I |
| Nombre de parte o sección de la obra | Aus den Sammlungen des Deutschen Historischen Museums |
| 9 (RLIN) | 29688 |
| 500 ## - NOTA GENERAL | |
| Nota general | Anexo 1 |
| 505 ## - NOTA DE CONTENIDO CON FORMATO | |
| Nota de contenido con formato | Texto en: alemánIncluye índice temáticoDirigido a: historiadores, antropólogos |
| 650 1# - PUNTO DE ACCESO ADICIONAL DE MATERIA--TÉRMINO DE MATERIA | |
| Fuente del encabezamiento o término | Historia |
| Término de materia o nombre geográfico como elemento de entrada | Historia antigua |
| Subdivisión de forma | Alemania |
| 9 (RLIN) | 29689 |
| 651 2# - PUNTO DE ACCESO ADICIONAL DE MATERIA--NOMBRE GEOGRÁFICO | |
| Fuente del encabezamiento o término | Europa |
| Nombre geográfico | Alemania |
| Subdivisión de forma | Historia alemana |
| 9 (RLIN) | 29690 |
| 700 1# - PUNTO DE ACCESO ADICIONAL--NOMBRE DE PERSONA | |
| Código de función/relación | Graf |
| Nombre de persona | Weissenfeld, Michael Bauer |
| 9 (RLIN) | 29691 |
| 942 ## - ELEMENTOS DE PUNTO DE ACCESO ADICIONAL (KOHA) | |
| Fuente del sistema de clasificación o colocación | Library of Congress Classification |
| Tipo de ítem Koha | Libros |
| Estado de retiro | Estado de pérdida | Fuente del sistema de clasificación o colocación | Estado dañado | No para préstamo | Código de colección | Localización permanente | Ubicación/localización actual | Fecha de adquisición | Total de préstamos | Signatura topográfica completa | Código de barras | Fecha visto por última vez | Precio válido a partir de | Tipo de ítem Koha |
|---|---|---|---|---|---|---|---|---|---|---|---|---|---|---|
| El ejemplar forma parte de la colección y puede ser consultado según las políticas vigentes. | Library of Congress Classification | Fondo Contemporáneo | Biblioteca del Museo Franz Mayer (Rogerio Casas-Alatriste) | Biblioteca del Museo Franz Mayer (Rogerio Casas-Alatriste) | 06/09/2023 | CB29 D46 1997 | CONT10201 | 06/09/2023 | 06/09/2023 | Libros |